Napálený leguán : divotvorné básničky pro zvídavé dětičky /
Bohatě ilustrované básničky o nejen o zvířatech.
Uloženo v:
| Hlavní autor: | |
|---|---|
| Další autoři: | |
| Médium: | E-kniha |
| Jazyk: | Czech |
| Vydáno: |
V Praze :
Pointa,
2021
|
| Vydání: | První vydání |
| Témata: | |
| Tagy: |
Žádné tagy |
| LEADER | 02190nam a2200469 i 4500 | ||
|---|---|---|---|
| 001 | 313896 | ||
| 003 | CZ PrSKC | ||
| 005 | 20260624062714.0 | ||
| 007 | ta | ||
| 008 | 211206s2021 xr a b 000 p cze | ||
| 015 | |a cnb003377841 | ||
| 020 | |a 9788076505353 |q (vázáno) : |c Kč 279,00 | ||
| 035 | |a (OCoLC)1296108874 | ||
| 040 | |a ABG001 |b cze |d ABA001 |e rda | ||
| 072 | 7 | |a 821.162.3-1 |x Česká poezie |2 Konspekt | |
| 072 | 7 | |a 821-93 |x Literatura pro děti a mládež (beletrie) |2 Konspekt | |
| 080 | |a 821.162.3-1 |2 MRF | ||
| 080 | |a 821-93 |2 MRF | ||
| 080 | |a (0:82-193) |2 MRF | ||
| 100 | 1 | |a Vrba, Pavel, |d 1978- |7 xx0268272 |4 aut | |
| 245 | 1 | 0 | |a Napálený leguán : |b divotvorné básničky pro zvídavé dětičky / |c Pavel Vrba ; ilustrace Klára Machová |
| 250 | |a První vydání | ||
| 264 | 1 | |a V Praze : |b Pointa, |c 2021 | |
| 300 | |a 46 stran : |b barevné ilustrace ; |c 25 cm | ||
| 336 | |a text |b txt |2 rdacontent | ||
| 336 | |a statický obraz |b sti |2 rdacontent | ||
| 337 | |a bez média |b n |2 rdamedia | ||
| 338 | |a svazek |b nc |2 rdacarrier | ||
| 520 | 2 | |a Bohatě ilustrované básničky o nejen o zvířatech. |b Hravé veršování s kouzelnými ilustracemi o zvířatech, lidech a přírodních nadpřirozených bytostech. Některé básničky dětem přinášejí možnost rozvíjet svou fantazii a jiné veselou formou nabízejí užitečná ponaučení. Nakladatelská anotace. Kráceno. | |
| 655 | 7 | |a česká poezie |7 fd133958 |2 czenas | |
| 655 | 7 | |a říkadla |7 fd133992 |2 czenas | |
| 655 | 7 | |a publikace pro děti |7 fd133156 |2 czenas | |
| 655 | 9 | |a Czech poetry |2 eczenas | |
| 655 | 9 | |a children's poetry |2 eczenas | |
| 655 | 9 | |a children's literature |2 eczenas | |
| 700 | 1 | |a Machová, Klára, |d 1985- |7 xx0268270 |4 ill | |
| 900 | |a ABA001 |b 19 | ||
| 928 | 9 | |a Albatros Media - Pointa | |
| 044 | |a xr | ||
| 910 | |a RBIT002 | ||
| 998 | |d 341252 |a https://core.palmknihy.cz/api/books/341252/cover?sic2q7 |b https://core.palmknihy.cz/api/books/341252/cover/400?sic2q7 |c https://core.palmknihy.cz/api/books/341252/cover/50?sic2q7 |e 2031-04-26 |g 48 |i 9788076505353 |k https://core.palmknihy.cz/api/books/341252/preview.pdf |l |q 49 |r 1 |s https://www.palmknihy.cz/kniha/341252 |t ebook |y 2021 |z 0 | ||
| 999 | |d 313894 | ||